Sir Aurobindo and The Mother on Education (Record no. 211505)

MARC details
000 -LEADER
fixed length control field 00529nam a22001937a 4500
005 - DATE AND TIME OF LATEST TRANSACTION
control field 20250602155032.0
010 ## - LCCN (DPL NO)
LC control number ENG-145108
020 ## - INTERNATIONAL STANDARD BOOK NUMBER
International Standard Book Number 9789352101160
Terms of availability 70.00
035 ## - SYSTEM CONTROL NUMBER
System control number EN-128640
037 ## - SOURCE OF ACQUISITION
Source of stock number/acquisition DBAD
082 ## - DEWEY DECIMAL CLASSIFICATION NUMBER
Classification number 181.499
Edition number 1
100 ## - MAIN ENTRY--PERSONAL NAME
Personal name Aurobindo
245 ## - TITLE STATEMENT
Title Sir Aurobindo and The Mother on Education
Statement of responsibility, etc Aurobindo
250 ## - EDITION STATEMENT
Edition statement 6
260 ## - PUBLICATION, DISTRIBUTION, ETC. (IMPRINT)
Place of publication, distribution, etc Pondicherry
Name of publisher, distributor, etc Sri Aurobindo Ashram
Date of publication, distribution, etc 2016
270 ## - ADDRESS
Address Pondicherry
Postal code 605002
300 ## - PHYSICAL DESCRIPTION
Extent 186p.
Dimensions 18(pb)
942 ## - ADDED ENTRY ELEMENTS (KOHA)
Source of classification or shelving scheme Dewey Decimal Classification
Item type English Books
Call number suffix AUR
Classification part 181.499
Holdings
Withdrawn status Lost status Not for loan Collection code Home library Current library Date acquired Source of acquisition Cost, normal purchase price Full call number Barcode Copy number Cost, replacement price Koha item type
      Non-fiction New Police Line New Police Line 02/06/2025 DBAD 70.00 AUR 181.499 EN-128640 1 70.00 English Books

© Delhi Public Library
Hit Counter
free hit counter